[Event "European Championship 2019"]
[Site "Skopje MKD"]
[Date "2019.03.19"]
[Round "2"]
[White "Artemiev, Vladislav"]
[Black "Kulaots, Kaido"]
[Result "1-0"]
[WhiteElo "2736"]
[BlackElo "2544"]
[PlyCount "155"]
[EventDate "2019.03.18"]

1. Nf3 Nf6 2. c4 g6 3. b3 Bg7 4. Bb2 c5 5. g3 b6 6. Bg2 Bb7 7. O-O d6 8. e3 O-O
9. d4 cxd4 10. exd4 d5 11. Ne5 Nc6 12. Nc3 e6 13. Rc1 Ne7 14. Ba3 a6 15. Na4
Re8 16. c5 bxc5 17. Nxc5 Bc8 18. g4 Nd7 19. Nxf7 Kxf7 20. Nxe6 Kxe6 21. Re1+
Ne5 22. dxe5 Kf7 23. Bxe7 Kxe7 24. Bxd5 Be6 25. Bxa8 Qxa8 26. Qd6+ Kf7 27. h3
Bf8 28. Qc6 g5 29. Qb6 Rc8 30. Qe3 Be7 31. Rxc8 Qxc8 32. Rc1 Qb7 33. Rc3 Kg7
34. Qd3 a5 35. Qd4 Kf7 36. Kh2 Bb4 37. Qd3 Kg7 38. Qf3 Qxf3 39. Rxf3 Bd2 40.
Rf6 Bf4+ 41. Kg1 Bf7 42. Ra6 Bd2 43. Kf1 Bg6 44. Ke2 Bc3 45. Ra7+ Kf8 46. Ke3
Bb1 47. a3 Bg6 48. e6 h6 49. Rc7 Bf6 50. Rc5 Bd8 51. Rc8 Ke7 52. f4 Bb6+ 53.
Kf3 gxf4 54. Kxf4 Bd4 55. Rc6 Bb2 56. a4 Bd4 57. Rc4 Bf2 58. Ke5 Bg3+ 59. Kd5
Be1 60. Rc7+ Ke8 61. Rc1 Bd2 62. Rc8+ Ke7 63. h4 Bd3 64. Rc7+ Ke8 65. Kd4 Bb1
66. Ke5 Be1 67. Rc1 Bg3+ 68. Kd5 Bh7 69. Rc3 Bf4 70. Rc5 Ke7 71. Rxa5 Bg8 72.
Ra6 Bd2 73. a5 Kf6 74. g5+ hxg5 75. hxg5+ Bxg5 76. Rc6 Kf5 77. a6 Be3 78. b4
1-0

[Event "European Championship 2019"]
[Site "Skopje MKD"]
[Date "2019.03.19"]
[Round "2"]
[White "Zhigalko, Andrey"]
[Black "Kovalev, Vladislav"]
[Result "1-0"]
[WhiteElo "2541"]
[BlackElo "2703"]
[PlyCount "95"]
[EventDate "2019.03.18"]

1. e4 e5 2. Nf3 Nc6 3. Bb5 a6 4. Ba4 d6 5. O-O Bd7 6. c3 g6 7. d4 Bg7 8. Re1 b5
9. Bc2 exd4 10. cxd4 Bg4 11. d5 Ne5 12. Nbd2 Bh6 13. h3 Bxd2 14. Bxd2 Bxf3 15.
gxf3 g5 16. a4 b4 17. Bxb4 Qf6 18. Re3 Ne7 19. Bd3 N7g6 20. Rc1 h5 21. Rxc7 g4
22. Bc3 gxh3 23. Kh1 h2 24. f4 Nxf4 25. Bf1 h4 26. Bxe5 dxe5 27. Qg4 Kf8 28.
Rec3 Ng6 29. Rf3 Nf4 30. Rfc3 Ng6 31. Qf5 Qxf5 32. exf5 Nf4 33. f6 Kg8 34. Bd3
Nxd3 35. Rxd3 Kh7 36. Rxf7+ Kg6 37. Re7 Kxf6 38. Re6+ Kf5 39. Re3 Rab8 40.
R6xe5+ Kf4 41. R5e4+ Kf5 42. b4 Rbc8 43. Rd4 Rc1+ 44. Kxh2 Rc2 45. Kg2 Kg5 46.
d6 Rf8 47. d7 Rfxf2+ 48. Kg1 1-0

[Event "European Championship 2019"]
[Site "Skopje MKD"]
[Date "2019.03.19"]
[Round "2"]
[White "Dubov, Daniil"]
[Black "Asllani, Muhamet"]
[Result "1-0"]
[WhiteElo "2703"]
[BlackElo "2105"]
[PlyCount "87"]
[EventDate "2019.03.18"]

1. d4 Nf6 2. c4 e6 3. Nf3 d5 4. g3 c6 5. Bg2 Bb4+ 6. Nbd2 Ne4 7. O-O Nxd2 8.
Bxd2 Bxd2 9. Nxd2 Nd7 10. e4 dxe4 11. Nxe4 Nf6 12. Ng5 O-O 13. Re1 Qb6 14. Qd2
Rd8 15. Rad1 h6 16. c5 Qc7 17. Nf3 b6 18. Ne5 Bb7 19. b4 b5 20. a4 bxa4 21. Ra1
a5 22. Rxa4 axb4 23. Rxb4 Nd5 24. Rb3 Ra4 25. Reb1 Bc8 26. h4 Ne7 27. Rb4 Rxb4
28. Qxb4 f6 29. Nf3 Nd5 30. Qb2 Bd7 31. Nd2 Be8 32. Nc4 Bg6 33. Re1 Rb8 34. Qe2
Rb4 35. Nd6 Qd7 36. Bh3 Nc7 37. h5 Bf7 38. Qd2 Rb8 39. Bg4 f5 40. Bf3 Nb5 41.
Rb1 Nxd4 42. Rxb8+ Kh7 43. Nxf7 Nxf3+ 44. Kg2 1-0

[Event "European Championship 2019"]
[Site "Skopje MKD"]
[Date "2019.03.19"]
[Round "2"]
[White "Druska, Juraj"]
[Black "Tomashevsky, Evgeny"]
[Result "0-1"]
[WhiteElo "2434"]
[BlackElo "2705"]
[PlyCount "46"]
[EventDate "2019.03.18"]

1. e4 e6 2. d4 d5 3. Nd2 c5 4. Ngf3 cxd4 5. Nxd4 Nc6 6. Bb5 Bd7 7. Nxc6 bxc6 8.
Bd3 Bd6 9. O-O Nf6 10. Qe2 Qc7 11. Nf3 dxe4 12. Bxe4 Nxe4 13. Qxe4 O-O 14. b3
c5 15. Bb2 Bc6 16. Qg4 f5 17. Qh4 Bxf3 18. gxf3 c4 19. Rad1 c3 20. Bc1 f4 21.
Kh1 e5 22. Rg1 Bc5 23. Rd5 Rad8 0-1

[Event "European Championship 2019"]
[Site "Skopje MKD"]
[Date "2019.03.19"]
[Round "2"]
[White "Saric, Ivan"]
[Black "Kozak, Adam"]
[Result "1/2-1/2"]
[WhiteElo "2703"]
[BlackElo "2445"]
[PlyCount "124"]
[EventDate "2019.03.18"]

1. e4 e5 2. Nf3 Nc6 3. Bb5 Nf6 4. d3 Bc5 5. c3 O-O 6. O-O Re8 7. Nbd2 a6 8.
Bxc6 dxc6 9. Nc4 Nd7 10. Kh1 Bf8 11. Be3 a5 12. a4 b6 13. Qb1 c5 14. Qa2 Qe7
15. Nfd2 Nb8 16. f4 exf4 17. Bxf4 Nc6 18. Ne3 Be6 19. Nd5 Qd7 20. Nc4 Rac8 21.
Nce3 Bd6 22. Bxd6 Qxd6 23. Nf5 Qd7 24. c4 Rb8 25. b3 Bxf5 26. Rxf5 Nd4 27. Rg5
Qd8 28. Rg3 c6 29. Ne3 Re6 30. Rf1 Rf6 31. Nf5 Nxf5 32. exf5 Qd7 33. Qa1 Kf8
34. Rf4 Re8 35. h3 Qd6 36. Rgf3 Qe5 37. d4 Qe1+ 38. Qxe1 Rxe1+ 39. Kh2 cxd4 40.
Rxd4 Ke7 41. Rh4 h6 42. Rg4 g6 43. fxg6 fxg6 44. Rd3 Ree6 45. Rh4 h5 46. Kg3
Rd6 47. Re4+ Rfe6 48. Rxe6+ Kxe6 49. Re3+ Kf5 50. Rf3+ Kg5 51. h4+ Kh6 52. Kf4
Rd4+ 53. Ke3 Rxh4 54. Rf6 Rg4 55. Kf2 Kg5 56. Rxc6 Rf4+ 57. Ke3 Rf6 58. Rc8 Kg4
59. c5 bxc5 60. Rxc5 Rb6 61. Rb5 Ra6 62. Kf2 h4 1/2-1/2

[Event "European Championship 2019"]
[Site "Skopje MKD"]
[Date "2019.03.19"]
[Round "2"]
[White "Vallejo Pons, Francisco"]
[Black "Mazur, Stefan"]
[Result "1/2-1/2"]
[WhiteElo "2698"]
[BlackElo "2441"]
[PlyCount "56"]
[EventDate "2019.03.18"]

1. d4 d5 2. c4 e6 3. Nc3 Be7 4. cxd5 exd5 5. Bf4 c6 6. e3 Bf5 7. Nge2 Nd7 8.
Ng3 Bg6 9. Be2 Ngf6 10. h4 h5 11. Bd3 Bxd3 12. Qxd3 g6 13. O-O-O Ng4 14. Rd2
Bxh4 15. f3 Nh6 16. e4 Bg5 17. Bxg5 Qxg5 18. f4 Qg4 19. exd5 O-O 20. Nge4 cxd5
21. Nxd5 Qe6 22. Ndc3 Nf6 23. d5 Qf5 24. Nxf6+ Qxf6 25. d6 Rac8 26. Kb1 Rc6 27.
d7 Rd8 28. Rhd1 Qf5 1/2-1/2

[Event "European Championship 2019"]
[Site "Skopje MKD"]
[Date "2019.03.19"]
[Round "2"]
[White "Emanuel, Yahav"]
[Black "Mamedov, Rauf"]
[Result "0-1"]
[WhiteElo "2245"]
[BlackElo "2701"]
[PlyCount "34"]
[EventDate "2019.03.18"]

1. e4 g6 2. d4 Bg7 3. Nc3 a6 4. Be3 b5 5. Qd2 d6 6. h4 h5 7. f3 Nd7 8. O-O-O
Bb7 9. Nh3 c5 10. dxc5 dxc5 11. Ng5 Nh6 12. Nxb5 axb5 13. Bxb5 Bc8 14. a4 Qc7
15. Bxc5 Qxc5 16. Bxd7+ Kf8 17. Bb5 Qxb5 0-1

[Event "European Championship 2019"]
[Site "Skopje MKD"]
[Date "2019.03.20"]
[Round "3"]
[White "Ter-Sahakyan, Samvel"]
[Black "Artemiev, Vladislav"]
[Result "1/2-1/2"]
[WhiteElo "2590"]
[BlackElo "2736"]
[PlyCount "69"]
[EventDate "2019.03.18"]

1. e4 c6 2. d4 d5 3. e5 Bf5 4. Nf3 e6 5. Be2 h6 6. O-O Ne7 7. c3 Nd7 8. a4 a5
9. Na3 Bg6 10. Nh4 Bh7 11. f4 Nc8 12. Nf3 Bxa3 13. Rxa3 O-O 14. Be3 Ne7 15. Qe1
f6 16. b3 Qc7 17. Ra2 Qb6 18. Bd1 Bd3 19. Rff2 fxe5 20. fxe5 Nf5 21. g4 Nxe3
22. Qxe3 Be4 23. g5 Kh7 24. Bc2 Bxc2 25. Raxc2 Rf5 26. gxh6 gxh6 27. Nh4 Rg5+
28. Rg2 Rag8 29. Qd3+ Kh8 30. Nf3 R5g7 31. Qe3 Kh7 32. Qd3+ Kh8 33. Qe3 Kh7 34.
Qd3+ Kh8 35. Qe3 1/2-1/2

[Event "European Championship 2019"]
[Site "Skopje MKD"]
[Date "2019.03.20"]
[Round "3"]
[White "Meshkovs, Nikita"]
[Black "Dubov, Daniil"]
[Result "1/2-1/2"]
[WhiteElo "2568"]
[BlackElo "2703"]
[PlyCount "61"]
[EventDate "2019.03.18"]

1. Nf3 Nf6 2. c4 b6 3. d4 Bb7 4. g3 e6 5. Bg2 Bb4+ 6. Bd2 a5 7. O-O O-O 8. Bf4
Re8 9. c5 a4 10. a3 Ba5 11. Qxa4 bxc5 12. dxc5 Nc6 13. Qd1 Qb8 14. Nbd2 Bxd2
15. Nxd2 Nd5 16. Nc4 Nxf4 17. gxf4 e5 18. Qb3 exf4 19. Rfd1 Re7 20. Rd2 Ba6 21.
Qxb8+ Rxb8 22. Rc1 g5 23. b4 Rbe8 24. Rxd7 Rxe2 25. Bxc6 Re1+ 26. Rxe1 Rxe1+
27. Kg2 Bxc4 28. Bd5 Bf1+ 29. Kf3 Be2+ 30. Kg2 Bf1+ 31. Kf3 1/2-1/2

[Event "European Championship 2019"]
[Site "Skopje MKD"]
[Date "2019.03.20"]
[Round "3"]
[White "Kovalev, Vladislav"]
[Black "Kacharava, Nikolozi"]
[Result "1-0"]
[WhiteElo "2703"]
[BlackElo "2424"]
[PlyCount "95"]
[EventDate "2019.03.18"]

1. e4 e5 2. Bc4 Nf6 3. d3 c6 4. Nf3 d5 5. Bb3 Bd6 6. Nc3 dxe4 7. Ng5 O-O 8.
Ngxe4 Nxe4 9. Nxe4 Bf5 10. Qf3 Bxe4 11. dxe4 Nd7 12. c3 Nc5 13. Bc2 a5 14. O-O
Qe7 15. Be3 Rfd8 16. g3 Ne6 17. Rad1 Bc5 18. Bc1 Rxd1 19. Rxd1 Rd8 20. Rf1 Ba7
21. h4 b5 22. Kg2 a4 23. Rh1 c5 24. Rd1 c4 25. Rd5 Nc7 26. Rxd8+ Qxd8 27. Qf5
f6 28. h5 Qe8 29. h6 Qe6 30. Qh5 g6 31. Qd1 Qe7 32. b3 axb3 33. axb3 Bc5 34.
bxc4 bxc4 35. Bb1 Ne6 36. Qd5 Kf7 37. Qxc4 Qd6 38. Ba2 f5 39. Bg5 Qc6 40. Be3
Kf6 41. Qxe6+ Qxe6 42. Bxe6 Bxe3 43. fxe3 Kxe6 44. Kf3 g5 45. exf5+ Kxf5 46.
g4+ Kf6 47. Ke4 Kg6 48. Kxe5 1-0

[Event "European Championship 2019"]
[Site "Skopje MKD"]
[Date "2019.03.20"]
[Round "3"]
[White "Radovanovic, Nikola"]
[Black "Saric, Ivan"]
[Result "0-1"]
[WhiteElo "2426"]
[BlackElo "2703"]
[PlyCount "78"]
[EventDate "2019.03.18"]

1. d4 Nf6 2. c4 e6 3. Nc3 Bb4 4. g3 O-O 5. Bg2 Bxc3+ 6. bxc3 d6 7. Nf3 Nc6 8.
Qd3 Rb8 9. Nd2 Na5 10. Nb3 b6 11. Nxa5 bxa5 12. c5 dxc5 13. Ba3 Bb7 14. e4 Nd7
15. O-O Qc8 16. Rfe1 Rd8 17. Qc2 cxd4 18. cxd4 Nb6 19. Bb2 Ba6 20. Rac1 Bc4 21.
Ba1 a4 22. a3 Qd7 23. Qc3 f6 24. Qa5 c6 25. Qc5 Bb5 26. e5 f5 27. Bxc6 Bxc6 28.
Qxc6 Nd5 29. Qa6 Rb6 30. Qa5 Rb3 31. Rc4 Rdb8 32. Rec1 Rxa3 33. Bc3 Rab3 34.
Bd2 a3 35. Ra4 R3b5 36. Qa6 Rb2 37. Be1 Rb1 38. Rxb1 Rxb1 39. Qe2 Nc3 0-1

[Event "European Championship 2019"]
[Site "Skopje MKD"]
[Date "2019.03.20"]
[Round "3"]
[White "Mamedov, Rauf"]
[Black "Piesik, Piotr"]
[Result "1-0"]
[WhiteElo "2701"]
[BlackElo "2420"]
[PlyCount "151"]
[EventDate "2019.03.18"]

1. e4 e5 2. Nf3 Nc6 3. Bc4 Bc5 4. c3 Nf6 5. d3 a6 6. Bb3 d6 7. Nbd2 O-O 8. Nf1
Be6 9. Ng3 h6 10. O-O Ba7 11. Bc2 d5 12. Qe2 dxe4 13. dxe4 b5 14. Rd1 Qe7 15.
Be3 Bxe3 16. Qxe3 Rfd8 17. h3 Rxd1+ 18. Bxd1 Nd7 19. Bb3 Qc5 20. Bxe6 fxe6 21.
Qe2 Nf6 22. Nd2 Rd8 23. Ngf1 a5 24. a4 bxa4 25. Rxa4 Rb8 26. Ra2 Qb5 27. Qxb5
Rxb5 28. Ne3 Kf7 29. Kf1 Ne8 30. Ke2 Nd6 31. Kd3 Rb8 32. Kc2 h5 33. Ra4 Ke7 34.
f3 Rb5 35. Nb3 Kf6 36. g3 g5 37. Ra1 Ke7 38. h4 g4 39. fxg4 Nxe4 40. gxh5 Nxg3
41. h6 Rb8 42. Rg1 Nf5 43. Nxf5+ exf5 44. Rg6 a4 45. Nc5 Na5 46. Re6+ Kf7 47.
h7 e4 48. Re5 Nc4 49. Rxf5+ Kg6 50. Rg5+ Kxh7 51. Nxa4 Ne3+ 52. Kb1 Re8 53. Nc5
Re7 54. Kc1 Nc4 55. b3 Nd6 56. Kd2 e3+ 57. Ke2 Nb5 58. Ne4 Rxe4 59. Rxb5 Kg6
60. Rc5 Re7 61. Rg5+ Kf6 62. Rg3 Re4 63. Rh3 Kg6 64. h5+ Kh6 65. Rxe3 Rh4 66.
Re5 Rxh5 67. Rxh5+ Kxh5 68. Ke3 Kg6 69. Ke4 Kf6 70. Kd5 Ke7 71. Kc6 Kd8 72. Kb7
Kd7 73. b4 Kd6 74. c4 c6 75. Kb6 Kd7 76. c5 1-0

[Event "European Championship 2019"]
[Site "Skopje MKD"]
[Date "2019.03.20"]
[Round "3"]
[White "Hnydiuk, Aleksander"]
[Black "Vallejo Pons, Francisco"]
[Result "1/2-1/2"]
[WhiteElo "2417"]
[BlackElo "2698"]
[PlyCount "68"]
[EventDate "2019.03.18"]

1. Nf3 e6 2. c4 Nf6 3. g3 a6 4. Bg2 b5 5. b3 Bb7 6. Nc3 b4 7. Na4 Be7 8. O-O
O-O 9. d4 a5 10. Ne1 Bxg2 11. Kxg2 d5 12. Qc2 dxc4 13. Qxc4 Nbd7 14. Bg5 Nd5
15. Bxe7 Qxe7 16. e4 N5f6 17. f3 Nb6 18. Qc5 Qd8 19. Nb2 Nfd7 20. Qc2 Qf6 21.
Rd1 Rfc8 22. Qc6 Nb8 23. Qb5 Qd8 24. Nc2 c6 25. Qe2 Na6 26. Ne3 Nc7 27. Rd3 Nb5
28. Qd2 Nc3 29. a4 bxa3 30. Qxc3 axb2 31. Qxb2 h6 32. Rc1 Qe7 33. Nc4 Qb4 34.
Qd2 Qxd2+ 1/2-1/2

[Event "European Championship 2019"]
[Site "Skopje MKD"]
[Date "2019.03.20"]
[Round "3"]
[White "Tomazini, Zan"]
[Black "Tomashevskaya, Lidia"]
[Result "1/2-1/2"]
[WhiteElo "2431"]
[BlackElo "2112"]
[PlyCount "62"]
[EventDate "2019.03.18"]

1. e4 e5 2. Nf3 Nc6 3. d4 exd4 4. Nxd4 Bc5 5. Nb3 Bb6 6. Qe2 Nd4 7. Nxd4 Bxd4
8. c3 Bb6 9. Na3 Ne7 10. Bg5 h6 11. Bh4 O-O 12. O-O-O Qe8 13. g4 Ng6 14. Bg3 d6
15. f4 Qa4 16. h4 Re8 17. Bg2 Bc5 18. Nc2 Qxa2 19. g5 Ne7 20. gxh6 Nc6 21. b4
Bxb4 22. cxb4 Nxb4 23. Rd2 Nxc2 24. Bf2 Qa1+ 25. Kxc2 Qa2+ 26. Kc3 Qa3+ 27. Kc2
Qa2+ 28. Kc1 Qa1+ 29. Kc2 Qa2+ 30. Kc1 Qa1+ 31. Kc2 Qa2+ 1/2-1/2

[Event "European Championship 2019"]
[Site "Skopje MKD"]
[Date "2019.03.21"]
[Round "4"]
[White "Artemiev, Vladislav"]
[Black "Van Foreest, Lucas"]
[Result "1-0"]
[WhiteElo "2736"]
[BlackElo "2515"]
[PlyCount "137"]
[EventDate "2019.03.18"]

1. d4 Nf6 2. Nf3 d5 3. e3 e6 4. Bd3 b6 5. O-O Bb7 6. Nbd2 Nbd7 7. b3 Ne4 8. c4
Bd6 9. Bb2 O-O 10. cxd5 exd5 11. Ne5 Qe7 12. Ndf3 Nb8 13. Be2 f6 14. Nd3 a5 15.
Re1 a4 16. Rc1 a3 17. Ba1 Na6 18. Bf1 b5 19. Bc3 Nxc3 20. Rxc3 Nb4 21. Qb1 Bc8
22. Nc5 Bg4 23. Nd2 c6 24. Be2 Bxe2 25. Rxe2 Qf7 26. Nf3 Bxc5 27. Rxc5 Rfe8 28.
Qd1 Re6 29. Qd2 Na6 30. Rc1 Qe7 31. Ne1 Nb4 32. Rc5 Na6 33. Rc1 Nb4 34. Nd3
Nxd3 35. Qxd3 g6 36. Rec2 Ra6 37. g3 f5 38. Rc5 h5 39. b4 h4 40. R1c3 Ra4 41.
Rxc6 Rxc6 42. Rxc6 Kg7 43. Qc2 Qxb4 44. Kg2 Ra7 45. gxh4 Qe7 46. Qc5 Qe4+ 47.
f3 Qe7 48. Qxe7+ Rxe7 49. Kf2 b4 50. Rb6 Rc7 51. Rxb4 Rc2+ 52. Kg3 Rxa2 53. Ra4
Ra1 54. Kf4 a2 55. Ra6 Kf7 56. Ke5 Re1 57. Ra7+ Ke8 58. Rxa2 Rxe3+ 59. Kf6 Rxf3
60. Kxg6 Rf4 61. h5 Rg4+ 62. Kf6 Rh4 63. Ra8+ Kd7 64. Kg5 Rxh2 65. h6 Kc6 66.
Kg6 Rg2+ 67. Kxf5 Rf2+ 68. Kg4 Rh2 69. Ra3 1-0

[Event "European Championship 2019"]
[Site "Skopje MKD"]
[Date "2019.03.21"]
[Round "4"]
[White "Kovalev, Vladislav"]
[Black "Golubka, Petro"]
[Result "1-0"]
[WhiteElo "2703"]
[BlackElo "2468"]
[PlyCount "79"]
[EventDate "2019.03.18"]

1. e4 c5 2. Nf3 d6 3. d4 cxd4 4. Qxd4 Bd7 5. c4 Nc6 6. Qe3 Nf6 7. Nc3 g6 8. h3
Bg7 9. Be2 O-O 10. O-O b6 11. Rd1 Rc8 12. Rb1 Nh5 13. b3 f5 14. Bb2 Qe8 15. Nd5
fxe4 16. Ng5 Bxb2 17. Rxb2 Ng7 18. g4 Ne5 19. Nxe4 Bc6 20. f4 Nd7 21. Bf1 Bxd5
22. cxd5 Nf6 23. Nc3 Qd7 24. Rg2 Kh8 25. Ba6 Rc7 26. b4 e6 27. dxe6 Qxe6 28.
Qd4 h5 29. Re2 Qg8 30. g5 Rxc3 31. Qxc3 Nd5 32. Rxd5 Qxd5 33. Re7 Qg8 34. Qd4
Re8 35. Rxa7 Ra8 36. Bc4 Rxa7 37. Bxg8 Kxg8 38. Qxb6 Rxa2 39. Qxd6 Kh7 40. b5
1-0

[Event "European Championship 2019"]
[Site "Skopje MKD"]
[Date "2019.03.21"]
[Round "4"]
[White "Tomashevsky, Evgeny"]
[Black "Shevchenko, Kirill"]
[Result "1/2-1/2"]
[WhiteElo "2705"]
[BlackElo "2535"]
[PlyCount "53"]
[EventDate "2019.03.18"]

1. e4 c5 2. d3 Nc6 3. f4 d6 4. Nf3 g6 5. Be2 Bg7 6. O-O e6 7. c3 Nge7 8. Be3 f5
9. Na3 O-O 10. Qd2 b6 11. Rae1 Bb7 12. Bd1 Qd7 13. b4 Bxc3 14. Qxc3 cxb4 15.
Qb3 bxa3 16. Qxa3 Na5 17. Bd2 fxe4 18. Ng5 h6 19. Nxe4 Bxe4 20. Rxe4 Nb7 21.
Bf3 d5 22. Rxe6 Qxe6 23. Re1 Qc6 24. Rxe7 Rf7 25. Re5 Rd8 26. d4 Na5 27. Bxa5
1/2-1/2

[Event "European Championship 2019"]
[Site "Skopje MKD"]
[Date "2019.03.21"]
[Round "4"]
[White "Dubov, Daniil"]
[Black "Basso, Pier Luigi"]
[Result "1-0"]
[WhiteElo "2703"]
[BlackElo "2521"]
[PlyCount "59"]
[EventDate "2019.03.18"]

1. e4 c5 2. Nf3 e6 3. d4 cxd4 4. Nxd4 Nf6 5. Nc3 Nc6 6. Ndb5 Bc5 7. Bf4 O-O 8.
e5 a6 9. Nd6 Bxd6 10. Qxd6 Qb6 11. exf6 Qxb2 12. Kd2 Qxa1 13. Bh6 Re8 14. fxg7
Ne7 15. g4 a5 16. Bg2 Qb2 17. Rb1 Ra6 18. Qg3 Qxb1 19. Nxb1 e5 20. Be3 Re6 21.
Nc3 d5 22. Nxd5 Nxd5 23. Bxd5 Rd6 24. c4 Be6 25. Qxe5 Red8 26. Ke2 Bxg4+ 27. f3
Be6 28. Bc5 R6d7 29. Bxe6 Re8 30. Bxf7+ 1-0

[Event "European Championship 2019"]
[Site "Skopje MKD"]
[Date "2019.03.21"]
[Round "4"]
[White "Saric, Ivan"]
[Black "Valsecchi, Alessio"]
[Result "1-0"]
[WhiteElo "2703"]
[BlackElo "2515"]
[PlyCount "83"]
[EventDate "2019.03.18"]

1. e4 c5 2. Nf3 Nc6 3. d4 cxd4 4. Nxd4 g6 5. c4 Nf6 6. Nc3 Nxd4 7. Qxd4 d6 8.
f3 Bg7 9. Be3 O-O 10. Qd2 Qa5 11. Rc1 Be6 12. b3 Rfc8 13. Bd3 Nd7 14. Nd5 Qd8
15. O-O Nc5 16. Bc2 a5 17. f4 Bxd5 18. exd5 Qd7 19. a4 f5 20. Rce1 Rf8 21. Bf2
Qc7 22. Re2 Rf7 23. h3 Raf8 24. Rfe1 Bh6 25. Kh1 Re8 26. Bd4 Ref8 27. Qe3 Bg7
28. Bxg7 Kxg7 29. g4 fxg4 30. f5 gxf5 31. Qg5+ Kh8 32. Rxe7 Qc8 33. hxg4 Ne4
34. Bxe4 fxe4 35. R7xe4 Qc5 36. Qe3 Qc8 37. Re6 Qd8 38. g5 Kg8 39. Kg2 Rf5 40.
Re7 b6 41. Qe6+ Kh8 42. Rxh7+ 1-0

[Event "European Championship 2019"]
[Site "Skopje MKD"]
[Date "2019.03.21"]
[Round "4"]
[White "Beliavsky, Alexander G"]
[Black "Mamedov, Rauf"]
[Result "0-1"]
[WhiteElo "2526"]
[BlackElo "2701"]
[PlyCount "76"]
[EventDate "2019.03.18"]

1. d4 d5 2. c4 c6 3. Nf3 Nf6 4. e3 Bf5 5. Nc3 e6 6. Nh4 Bg6 7. Qb3 Qc7 8. Nxg6
hxg6 9. Bd2 Nbd7 10. Rc1 Nb6 11. cxd5 exd5 12. h3 Qd7 13. Bd3 Bd6 14. a4 O-O
15. O-O Bc7 16. a5 Nc4 17. Bxc4 dxc4 18. Qxc4 Qd6 19. g3 Bxa5 20. Rfd1 Qd7 21.
Kg2 Rfe8 22. b4 b5 23. Qb3 Bb6 24. Be1 Rad8 25. Rd3 a5 26. bxa5 Bxa5 27. Rdd1
Bxc3 28. Qxc3 Re6 29. Qb3 Nd5 30. Bd2 Rde8 31. Rc5 Nb6 32. Ra1 Na4 33. Rc2 Nb6
34. Rc5 Rf6 35. g4 Na4 36. Rc2 c5 37. dxc5 Qc6+ 38. Kg1 Rf3 0-1

[Event "European Championship 2019"]
[Site "Skopje MKD"]
[Date "2019.03.22"]
[Round "5"]
[White "Dubov, Daniil"]
[Black "Lomasov, Semyon"]
[Result "1-0"]
[WhiteElo "2703"]
[BlackElo "2559"]
[PlyCount "69"]
[EventDate "2019.03.18"]

1. e4 e6 2. d4 d5 3. Nc3 Nf6 4. Bg5 dxe4 5. Nxe4 Nbd7 6. Nxf6+ Nxf6 7. Nf3 h6
8. Bxf6 Qxf6 9. Bb5+ c6 10. Bd3 Bd7 11. O-O Bd6 12. Qe2 O-O-O 13. a4 h5 14. a5
h4 15. b4 g5 16. b5 g4 17. Ne5 Qf4 18. b6 f6 19. bxa7 Kc7 20. c3 Bxe5 21. dxe5
Qxe5 22. Qxg4 Qxc3 23. Qf3 Ra8 24. Qe3 Kd6 25. Rfd1 Ke7 26. Qb6 Rhd8 27. a6
bxa6 28. Bxa6 h3 29. Bb7 Rg8 30. Bxa8 Rxg2+ 31. Kh1 Rxh2+ 32. Kxh2 Qe5+ 33.
Kxh3 Qf5+ 34. Kg3 Qg6+ 35. Kf3 1-0

[Event "European Championship 2019"]
[Site "Skopje MKD"]
[Date "2019.03.22"]
[Round "5"]
[White "Solak, Dragan"]
[Black "Kovalev, Vladislav"]
[Result "0-1"]
[WhiteElo "2601"]
[BlackElo "2703"]
[PlyCount "86"]
[EventDate "2019.03.18"]

1. e4 e5 2. Nf3 Nc6 3. d4 exd4 4. Nxd4 Nf6 5. Nxc6 bxc6 6. e5 Qe7 7. Qe2 Nd5 8.
c4 Nb6 9. Nc3 Qe6 10. Qe4 g6 11. Bd2 Bb7 12. Bd3 Bg7 13. O-O O-O 14. c5 Nd5 15.
f4 Qe7 16. Qc4 a5 17. Ne4 Ba6 18. Qc2 Bxd3 19. Qxd3 f5 20. exf6 Nxf6 21. Qc4+
Qf7 22. Qxf7+ Rxf7 23. Rae1 Nd5 24. Bc3 Rxf4 25. Rxf4 Nxf4 26. Rd1 Nd5 27. Bxg7
Kxg7 28. Nc3 Nf6 29. Kf2 Re8 30. a3 Kf7 31. b4 axb4 32. axb4 Rb8 33. Rd4 Ke6
34. g4 Ke5 35. Ke3 Ra8 36. g5 Nd5+ 37. Nxd5 Ra3+ 38. Rd3 Rxd3+ 39. Kxd3 Kxd5
40. Ke3 Ke5 41. Kf3 d5 42. cxd6 cxd6 43. Ke3 Kf5 0-1

[Event "European Championship 2019"]
[Site "Skopje MKD"]
[Date "2019.03.22"]
[Round "5"]
[White "Antipov, Mikhail Al"]
[Black "Saric, Ivan"]
[Result "1/2-1/2"]
[WhiteElo "2594"]
[BlackElo "2703"]
[PlyCount "109"]
[EventDate "2019.03.18"]

1. Nf3 d5 2. d4 Nf6 3. c4 c6 4. e3 Bg4 5. h3 Bh5 6. Nbd2 e6 7. g4 Bg6 8. Ne5
Nbd7 9. Nxg6 hxg6 10. g5 Ng8 11. h4 Ne7 12. Nf3 Nf5 13. Bd3 Bb4+ 14. Ke2 Ba5
15. cxd5 cxd5 16. Qb3 Nd6 17. Ne5 a6 18. f4 Rc8 19. Bd2 Bxd2 20. Kxd2 Qa5+ 21.
Ke2 Nxe5 22. fxe5 Nc4 23. Bxc4 Rxc4 24. Rac1 b5 25. Rxc4 dxc4 26. Qc2 Qxa2 27.
Kf3 Qb3 28. Qxb3 cxb3 29. Ra1 Rxh4 30. Kg3 Rh5 31. Rxa6 Rxg5+ 32. Kf2 Rf5+ 33.
Kg2 Kd7 34. Rb6 f6 35. Rxb5 fxe5 36. dxe5 Kc6 37. Rxb3 Rxe5 38. Kf3 Rf5+ 39.
Kg3 Kd5 40. Rb4 Ke5 41. Rg4 g5 42. b4 Kf6 43. Rc4 Rf1 44. Rc5 Rg1+ 45. Kf3 g4+
46. Kf2 Rb1 47. Rc4 Kf5 48. Rf4+ Kg5 49. Kg3 Rg1+ 50. Kf2 Rh1 51. Kg2 Re1 52.
Kf2 Rh1 53. Kg2 Rh3 54. Re4 Kf5 55. Rf4+ 1/2-1/2

[Event "European Championship 2019"]
[Site "Skopje MKD"]
[Date "2019.03.22"]
[Round "5"]
[White "Mamedov, Rauf"]
[Black "Huschenbeth, Niclas"]
[Result "1-0"]
[WhiteElo "2701"]
[BlackElo "2594"]
[PlyCount "53"]
[EventDate "2019.03.18"]

1. e4 e5 2. Nf3 Nc6 3. Bc4 Bc5 4. c3 Nf6 5. d3 d6 6. Nbd2 O-O 7. b4 Bb6 8. a4
a5 9. b5 Ne7 10. O-O Ng6 11. Ba2 d5 12. exd5 Nxd5 13. Ne4 Bf5 14. Ba3 Re8 15.
Nfg5 h6 16. Nxf7 Kxf7 17. c4 Bxe4 18. dxe4 Nc3 19. c5+ Nxa2 20. Qb3+ Re6 21.
Rfd1 Qe7 22. cxb6 Nb4 23. bxc7 Qxc7 24. Rac1 Qb6 25. Rd7+ Kf8 26. Bxb4+ axb4
27. a5 1-0

[Event "European Championship 2019"]
[Site "Skopje MKD"]
[Date "2019.03.22"]
[Round "5"]
[White "Thybo, Jesper Sondergaard"]
[Black "Tomashevsky, Evgeny"]
[Result "0-1"]
[WhiteElo "2525"]
[BlackElo "2705"]
[PlyCount "94"]
[EventDate "2019.03.18"]

1. d4 e6 2. c4 Bb4+ 3. Bd2 a5 4. Nf3 d5 5. Qc2 Nf6 6. g3 Nc6 7. Bg2 dxc4 8.
Qxc4 Qd5 9. Qd3 Qe4 10. Qxe4 Nxe4 11. e3 Bd7 12. O-O Ke7 13. Rc1 Nxd2 14. Nbxd2
a4 15. a3 Bd6 16. Nc4 f6 17. Nfd2 Rhb8 18. Nxd6 cxd6 19. d5 exd5 20. Bxd5 Ra5
21. Bc4 Ne5 22. Be2 Rd5 23. Nf3 Nxf3+ 24. Bxf3 Rc5 25. Rc3 b5 26. Rac1 b4 27.
Rxc5 dxc5 28. Rxc5 bxa3 29. bxa3 Rb3 30. Kg2 Rxa3 31. Rc4 Rd3 32. Bc6 Bxc6+ 33.
Rxc6 Rd6 34. Rc2 Ra6 35. e4 a3 36. Ra2 Kd6 37. f4 Kc5 38. Kf3 Kb4 39. e5 f5 40.
Ke3 Kc3 41. g4 g6 42. Kf3 Kb3 43. Ra1 a2 44. Kg3 Kb2 45. Rxa2+ Kxa2 46. gxf5
gxf5 47. Kh4 Rg6 0-1

[Event "European Championship 2019"]
[Site "Skopje MKD"]
[Date "2019.03.22"]
[Round "5"]
[White "Erdogdu, Mert"]
[Black "Vallejo Pons, Francisco"]
[Result "0-1"]
[WhiteElo "2413"]
[BlackElo "2698"]
[PlyCount "92"]
[EventDate "2019.03.18"]

1. c4 f5 2. g3 Nf6 3. Bg2 e5 4. d3 Be7 5. Nc3 O-O 6. Nh3 c6 7. d4 d6 8. O-O Na6
9. b3 Qe8 10. e3 h6 11. f4 e4 12. Ba3 b5 13. Nb1 bxc4 14. bxc4 Be6 15. Qa4 Qc8
16. Nf2 c5 17. d5 Bd7 18. Qc2 Nb4 19. Qd2 Rb8 20. Rc1 g5 21. Nc3 gxf4 22. gxf4
Kh7 23. Kh1 Rg8 24. Bxb4 Rxb4 25. a3 Rb8 26. Rab1 Rg7 27. Rxb8 Qxb8 28. Rb1 Qe8
29. Qd1 Nh5 30. Rb7 Bh4 31. Qf1 Nf6 32. Nb5 Bxb5 33. Rxb5 Nxd5 34. cxd5 Bxf2
35. Rb3 Qa4 36. Rc3 Qa5 37. Qc1 a6 38. Rc2 Qe1+ 39. Qxe1 Bxe1 40. Bh3 Rf7 41.
Kg2 Kg6 42. Kf1 Ba5 43. Rg2+ Kf6 44. Rg8 c4 45. Rc8 c3 46. Ke2 Rc7 0-1